Alpinizm

Bibliographic Details
Format: Book
Language:Polish
PhysicalDescription:251 s. 8°
Published: Warszawa Wydaw. Sport i Turystyka 1974
Edition:2. popraw. i uzupeł. wyd.
Subjects:

MARC

LEADER 00000cam a2200000 a 4500
001 vtls001144905
003 SK-MaSNL
005 20260301063119.0
008 250414s1974 pl grf 00000 pol
020 |q (brož.) 
035 |a SNK000087760 
040 |a SNK  |b slo  |c SNK  |e AACR2 
041 0 |a pol 
044 |a pl  |c PL 
072 7 |a 796  |x Šport. Hry. Telesné cvičenia  |2 konspekt 
080 |a 796.52(024)=84  |2 1981 
080 |a 796.52  |2 2011 
080 |a 796.525  |2 2011 
080 |a (035)  |2 2011 
245 0 0 |a Alpinizm 
250 |a 2. popraw. i uzupeł. wyd. 
260 |a Warszawa  |b Wydaw. Sport i Turystyka  |c 1974 
300 |a 251 s.  |c 8° 
650 0 7 |a horolezectvo  |2 SNKPH  |9 1050 
650 0 7 |a alpinizmus  |2 SNKPH  |9 51554 
655 7 |a príručky  |2 SNKPH  |9 74364 
852 |a Slovenská národná knižnica 
954 |a odborná, vedecká literatúra cudzojazyčná (svetová)  |2 lita 
958 |a RK 
958 |a TL 
958 |a OND 
958 |a PL 
999 |c 623002  |d 624932 
952 |t P60, <04>, [BOOK], {604}  |a SNK  |b SNK  |y VYP  |7 0  |p 17A0400335  |o snkIC 60397  |i snkV 789/75  |0 0  |1 0  |4 0  |d 2003-10-13  |l 0  |r 2005-01-01 00:00:00  |w 2026-02-23